| 000 | 00684nam a22001577a 4500 | ||
|---|---|---|---|
| 003 | OSt | ||
| 005 | 20151002093142.0 | ||
| 008 | 151002b xxu||||| |||| 00| 0 eng d | ||
| 040 | _cRUA | ||
| 082 | _aAVM សៀង 1989 B065 Or.1 | ||
| 100 |
_91715 _aសៀង សុជាតិ |
||
| 245 | _aចរិកលក្ខណៈ និង ទំហំនៃដំបៅរបូសរបស់ជ្រូកនៅក្នុង កសិដ្ឋានបុព្វហេតុរបស់វា កំហាតបង់សេដ្ឋកិច្ច និង វិធីការពារ | ||
| 260 |
_aPhnom Penh _bRUA _c1989 |
||
| 300 |
_a74p. _bill. _c29cm. |
||
| 942 |
_2ddc _cAVM |
||
| 999 |
_c1619 _d1619 |
||